Normal view
MARC view
- Desastres naturales
Entry Materia
001 - NÚMERO DE CONTROL DEL REGISTRO
- campo de control: 59726
003 - IDENTIFICADOR DE NUMERO DE CONTROL
- campo de control: MX-MxUPN
005 - FECHA Y HORA DE LA ÚLTIMA TRANSACCIÓN
- campo de control: 20260527100113.0
008 - DATOS DE LONGITUD FIJA
- campo de control de longitud fija: 260527nn fnannbaba n ana d
040 ## - FUENTE DE LA CATALOGACIÓN
- Centro catalogador de origen: MX-MxUPN
150 ## - ENCABEZAMIENTO - TEMÁTICO
- Término de materia o nombre geográfico como elemento inicial: Desastres naturales
- Subdivisión de materia general: Evaluación de riesgos
670 ## - FUENTE EN LA QUE SE LOCALIZARON DATOS
- Cita de la fuente: Autoridades BGTQ, 27 mayo 2026 :
- Información localizada: (Desastres naturales -- Evaluación de riesgos)
902 ## - CATALOGADOR
- Catalogador: VíctorGodínez/270526
